000 00938nam a2200217Ii 4500
003 JO-AjNU
008 230605s9999||||xx |||||||||||||| ||und||
017 _a2021/10/6111
020 _a978-9957-94-745-3
040 _aJO-AjNU
_bara
_erda
_cJO-AjNU
041 _aara
050 1 4 _aDS154.5.M37 2021
100 3 _aالمجالي، بكر خازر خليل المجالي,
_eauthor
_963737
245 0 0 _aالجيش العربي الأردني في حرب فلسطين : 1984(حقائق وتضحيات)
264 3 1 _aعمان: وزارة الثقافه، 2021
300 _a237ص
_bاصدارات مئوية الدولة الاردنية 2021
336 _atext
_btxt
_2rdacontent
337 _aunmediated
_bn
_2rdamedia
338 _avolume
_bnc
_2rdacarrier
650 4 _aالحروب الاسرائيلية 1984-القضية الفلسطنية-الجيش العربي-العمليات العسكرية-تاريخ الأردن
_963738
999 _aA28927
_c32495
_d32495